| 000 | 00876nam a2200241 i 4500 | ||
|---|---|---|---|
| 001 | 59489 | ||
| 003 | ES-MaACL | ||
| 005 | 20250401175514.0 | ||
| 007 | t| | ||
| 008 | 031029s1952 sp ||||1| spa d | ||
| 100 | 1 |
_aEizaguirre, Emiliano. _946877 |
|
| 245 | 1 | 3 |
_aEl cáncer broncopulmonar / _cEmiliano Eizaguirre. |
| 260 |
_aMadrid : _bPaz Montalvo, _c1952 ( _fIcharopena) |
||
| 300 |
_a415 p., 3 lám. ; _c24 cm. |
||
| 510 |
_aCCPB, _c001336334-4 |
||
| 650 | 7 |
_9147032 _aPulmones |
|
| 650 | 7 |
_9145907 _aCáncer |
|
| 852 |
_aES-MaACL _jD-6417 _bR.32756 _bR.M. 6012 _961749 _cSVI _fSello en tinta azul de la Biblioteca del Ateneo de Madrid _xEncuadernación en tela gris |
||
| 942 |
_2udc _cMONOGRAFIA |
||
| 999 |
_c59489 _d59489 |
||